Logo par image - Statistiques

Statistiques générales
  • Ce quiz a été pris 259 fois
  • Le résultat moyen est 15 sur 16
Statistiques - réponses
Par images Réponse % Correct
Addidas
100%
Amazon
100%
KFC
99%
Puma
99%
Snapchat
98%
Tesla
98%
Twitter
98%
BMW
97%
Evian
97%
Pringles
96%
Spotify
96%
Microsoft
94%
Starbucks
94%
Toyota
94%
Lamborghini
83%
Jet Punk
80%
Aucun quiz correspondant
Distribution des résultats
% des personnes avec chaque résultat
Percentile par nombre de réponses
Votre historique - résultats
Vous n’avez pas pris ce quiz